Gimnasia infantil: en busca del ritmo en la gimnasia
Saved in:
| Main Authors: | , |
|---|---|
| Format: | Bog |
| Sprog: | spansk |
| Udgivet: |
Buenos Aires
Paidós
1973
|
| Udgivelse: | 3a. ed |
| Serier: | Biblioteca de educación física, 1
|
| Fag: | |
| Tags: |
Tilføj Tag
Ingen Tags, Vær først til at tagge denne postø!
|
MARC
| LEADER | 00000nam a2200000 a 4500 | ||
|---|---|---|---|
| 001 | UCZ1111 | ||
| 003 | CL-VaPUC | ||
| 008 | 950811e19730000AG |||||||||||||||||spa|d | ||
| 082 | 0 | 4 | |a 649.12 |b CAR |2 21 |
| 100 | 0 | |a Carlquist, Maja |e author |9 344515 | |
| 700 | 0 | |a Amylong, Tora |e author |9 344516 | |
| 245 | 1 | 0 | |a Gimnasia infantil: en busca del ritmo en la gimnasia |
| 250 | |a 3a. ed | ||
| 300 | |a 199 p | ||
| 942 | |c BK | ||
| 945 | |d 19950811 00:00:00 |a mfernand | ||
| 260 | |a Buenos Aires |b Paidós |c 1973 | ||
| 650 | 7 | |a GIMNASIA |2 CL-VaPUC |9 307275 | |
| 650 | 0 | |a Niños |9 255605 | |
| 650 | 7 | |a EJERCICIO |2 CL-VaPUC |9 310040 | |
| 650 | 7 | |a ENTRENAMIENTO ATLETICO |2 CL-VaPUC |9 344517 | |
| 650 | 0 | |a Educación física |9 240893 | |
| 583 | |a last modification |c 19950811 00:00:00 |k Rodrigo Vera | ||
| 490 | 0 | |a Biblioteca de educación física, 1 | |
| 999 | |c 237923 |d 237921 | ||
| 952 | |0 0 |1 0 |4 0 |6 649_120000000000000_CAR_1973 |7 0 |8 P |9 247731 |a BIBEDU |b BIBEDU |c BIBEDU_PB |d 2019-11-18 |i 1557734 |o 649.12 CAR 1973 |p 1557734 |r 2024-01-25 |w 2019-11-18 |y BK |k EDU | ||
| 952 | |0 0 |1 0 |4 0 |6 649_120000000000000_CAR_1973 |7 0 |8 P |9 247732 |a BIBEDU |b BIBEDU |c BIBEDU_PB |d 2019-11-18 |i 1557742 |o 649.12 CAR 1973 |p 1557742 |r 2024-01-25 |w 2019-11-18 |y BK |k EDU | ||